00889nam a22002657a 4500999001500000001000600015003000900021005001700030008004100047020001500088040003300103082001900136100001700155245007200172250001200244260005100256300003900307504005300346505001100399650003000410650003100440700001900471942001200490952012100502 c5230d523012669BD-DhUAP20201203163452.0201203s2007 ii a b 001 0 eng  a8123911416 aDNLM/DLCcDLCdBD-DhUAPbEng00223a615.19 MAR aMark, W. V.  aChemical process industries /cW. V. Mark ; edited by S. C. Bhatia. a2nd ed. aNew Dehli :bCBS Publ. & distributors,cc2007. avolumes :billustrations ;c22 cm. aIncludes bibliographical references and indexes. aV. 1-- aPharmaceutical chemistry. aPharmaceutical technology. aBhatia, S. C.  2ddccBK 00102ddc4070aUAPCLbUAPCLcGeneral Stacksd2020-12-03o615.19 MAR V-1p3010012669r2020-12-03t1w2020-12-03yBK